Экспериментальная проверка правила рычага; Ресурсоэффективным технологиям - энергию и энтузиазм молодых

Podrobná bibliografie
Parent link:Ресурсоэффективным технологиям - энергию и энтузиазм молодых.— 2013.— [С. 207-209]
Korporativní autor: Национальный исследовательский Томский политехнический университет (ТПУ) Энергетический институт (ЭНИН) Кафедра атомных и тепловых электростанций (АТЭС)
Další autoři: Шатрова К. Н. Ксения Николаевна, Бракк И. С. Иван Сергеевич, Выонг Б. Х., Беляков А. В., Тухфатулин Я. Р. Якоф Рафикович
Shrnutí:Заглавие с титульного листа
Jazyk:ruština
Vydáno: 2013
Edice:Физические демонстрации
Témata:
On-line přístup:http://www.lib.tpu.ru/fulltext/c/2013/C08/092.pdf
Médium: MixedMaterials Elektronický zdroj Kapitola
KOHA link:https://koha.lib.tpu.ru/cgi-bin/koha/opac-detail.pl?biblionumber=241233

MARC

LEADER 00000naa2a2200000 4500
001 241233
005 20251215163334.0
035 |a (RuTPU)RU\TPU\book\262500 
035 |a RU\TPU\book\262493 
090 |a 241233 
100 |a 20130705d2013 k y0rusy50 ca 
101 0 |a rus 
102 |a RU 
135 |a drcn ---uucaa 
200 1 |a Экспериментальная проверка правила рычага  |f К. Н. Шатрова, И. С. Бракк, Б. Х. Выонг [и др.] 
215 |a 1 файл(443 Кб) 
225 1 |a Физические демонстрации 
300 |a Заглавие с титульного листа 
320 |a [Библиогр.: с. 209 (2 назв.)] 
337 |a Adobe Reader 
463 1 |0 (RuTPU)RU\TPU\book\260564  |t Ресурсоэффективным технологиям - энергию и энтузиазм молодых  |o сборник докладов IV Университетской конференции студентов Элитного технического образования, г. Томск, 24 -27 апреля 2013 г.  |f Национальный исследовательский Томский политехнический университет (ТПУ)  |v [С. 207-209]  |d 2013 
610 1 |a труды учёных ТПУ 
610 1 |a электронный ресурс 
610 1 |a правило рычага 
610 1 |a эксперименты 
610 1 |a экспериментальная проверка 
610 1 |a рычаги 
701 1 |a Шатрова  |b К. Н.  |g Ксения Николаевна 
701 1 |a Бракк  |b И. С.  |g Иван Сергеевич 
701 1 |a Выонг  |b Б. Х. 
701 1 |a Беляков  |b А. В. 
701 1 |a Тухфатулин  |b Я. Р.  |g Якоф Рафикович 
712 0 2 |a Национальный исследовательский Томский политехнический университет (ТПУ)  |b Энергетический институт (ЭНИН)  |b Кафедра атомных и тепловых электростанций (АТЭС)  |3 (RuTPU)RU\TPU\col\18683 
801 1 |a RU  |b 63413507  |c 20130205 
801 2 |a RU  |b 63413507  |c 20220329  |g RCR 
856 4 |u http://www.lib.tpu.ru/fulltext/c/2013/C08/092.pdf 
942 |c CF